| 000 | 00797nam a2200217 a 4500 | ||
|---|---|---|---|
| 001 | 19914 | ||
| 003 | CO-ViMGA | ||
| 008 | 141112s2004 ck r 000 u spa d | ||
| 020 | _a9505112181 | ||
| 040 |
_aCO-ViMGA _bspa _cCO-ViMGA |
||
| 082 | 0 | 4 | _aA863.6 C677c |
| 100 | 1 |
_aCortazar, Julio _915441 |
|
| 245 | 1 | 0 | _aCuentos Completos |
| 260 |
_aMadrid : _bAlfaguara, _c1994 |
||
| 300 | _a2 Vol. | ||
| 500 | _aPrologo de Mario Vargas Llosa. | ||
| 505 | _aTomo 1 : La otra Orilla Bestiario Historias de cronopios y de famas Las Armas secretas Final del juego Todos los fuegos el fuego Tomo 2 : Ultimo round Octaedro Alguien que anda por ahi Un tal Lucas Queremos tanto a Glenda Deshoras | ||
| 590 | _aForma de adquisición : Premio Mincultura | ||
| 650 | 1 | 4 | _aCUENTOS ARGENTINOS |
| 942 |
_2ddc _cBK |
||
| 999 |
_c29036 _d29036 |
||